000 00428nam a2200181Ia 4500
008 210210b1934 xxu||||| |||| 00| 0 eng d
041 _aeng
082 _a829/345
100 _aDUNSANY (Lord)
245 _aMr Jorkens remembers Africa
260 _aLondon
_bWilliam Heinemann Ltd.
_c1934
650 _aremembers
650 _aMr
650 _aJorkens
650 _aAfrica
690 _aEnglish Fiction
906 _a016949
999 _c136880
_d136880